00353nam a2200133Ia 4500008004100000020001400041100001800055245002900073250001500102260004000117300001400157650002900171650001900200180705s9999 xx 000 0 und d a971084526 aPerry, Marvin 2aA history of the world / aRevised ed aNew York:bNational bookstorec1988 a912 pages aHistory -- world history aWorld history.